Estatísticas para Países com Mais Ilhas

Clique aqui para jogar o quiz

Estatísticas Gerais

  • Esse quiz foi jogado 4 673 vezes
  • A pontuação média é 15 de 20

Estatísticas das Respostas

#País% Correto
305Estados Unidos
93%
251Indonésia
91%
79Japão
91%
388Canadá
89%
201Rússia
89%
40Brasil
88%
95Austrália
86%
62China
86%
101Reino Unido
83%
78França
75%
116Noruega
75%
157Chile
73%
146Dinamarca
73%
37México
73%
87Filipinas
72%
86Grécia
66%
41Finlândia
62%
48Coreia do Sul
57%
52Papua Nova Guiné
48%
43Ilhas Salomão
31%

Distribuição das Pontuações

Percentil de Números Respondidos

Porcentagem de Pessoas com Cada Pontuação

Sua Pontuação Histórica

Você não jogou esse quiz